| 000 | 01648nam a2200265Ia 4500 | ||
|---|---|---|---|
| 999 |
_c52714 _d52714 |
||
| 001 | 19739 | ||
| 003 | GE_BSU | ||
| 005 | 20200416190448.0 | ||
| 008 | 181216s2016||||ge |||||||||||||| ||geo|| | ||
| 020 | _a9789941092169 | ||
| 040 | _cGE_BSU | ||
| 041 | _ageo | ||
| 080 | _a39(479.22)+27 დ-30 | ||
| 245 |
_aდეკანოზ იოანე მარგიანის ეთნოგრაფიული მემკვიდრეობა / _cრედაქტორები : გუჯეჯიანი, როზეტა ; ხოსიტაშვილი, მირიან. |
||
| 264 |
_aთბილისი : _bსაქრთველოს პარლამენტის ბიბლიოთეკა, _c2016. |
||
| 300 |
_a124 გვ. : _bპორტრ. ; _c20 სმ. |
||
| 504 | _aბიბლიოგრ. ტექსტის შენიშვნებში | ||
| 653 | _aეთნოგრაფია | ||
| 653 | _aიოანე (მარგიანი), 1872-1933 | ||
| 700 |
_aგუჯეჯიანი, როზეტა _eრედაქტორი _95617 |
||
| 700 |
_a ხოსიტაშვილი, მირიან _eრედაქტორი _97922 |
||
| 710 |
_aსაქართველოს პარლამენტის ეროვნული ბიბლიოთეკა _97897 |
||
| 710 |
_a საქართველოს საპატრიარქოს წმიდა ანდრია პირველწოდებულის სახელობის ქართული უნივერსიტეტი _97923 |
||
| 942 |
_cBK _2udc |
||